Recopilación de leyes por orden numérico. Con índices onomástico, temático, numérico, por Ministerios y de notas
Zapisane w:
| Korporacja: | |
|---|---|
| Format: | Książka |
| Język: | hiszpański |
| Wydane: |
Santiago
Contraloría General de la República
1970
|
| Hasła przedmiotowe: | |
| Etykiety: |
Dodaj etykietę
Nie ma etykietki, Dołącz pierwszą etykiete!
|
MARC
| LEADER | 00000nam a2200000 a 4500 | ||
|---|---|---|---|
| 001 | UCR0668 | ||
| 003 | CL-VaPUC | ||
| 008 | 971205e19700000CL |||||||||||||||||spa|d | ||
| 082 | 0 | 4 | |a 348.022 |b CON |2 21 |
| 110 | 2 | |a Contraloría General de la República |e author |9 396709 | |
| 245 | 1 | 0 | |a Recopilación de leyes por orden numérico. Con índices onomástico, temático, numérico, por Ministerios y de notas |
| 300 | |a t | ||
| 942 | |c BK | ||
| 945 | |d 19971205 00:00:00 |a lriquelm | ||
| 260 | |a Santiago |b Contraloría General de la República |c 1970 | ||
| 500 | |a Contiene: desde la ley 17.001, de 23 de Octubre de 1968, a la 17.196, de 29 de Octubre de 1970 | ||
| 500 | |a Donación profesor Fernando Recio Olguín | ||
| 650 | 7 | |a LEGISLACION |2 CL-VaPUC |9 396710 | |
| 650 | 0 | |a Leyes |9 256670 | |
| 650 | 7 | |a FUENTES |2 CL-VaPUC |9 255666 | |
| 650 | 7 | |a DERECHO CHILENO |2 CL-VaPUC |9 396711 | |
| 650 | 7 | |a DECRETO CON FUERZA DE LEY |2 CL-VaPUC |9 358086 | |
| 650 | 7 | |a DECRETOS SUPREMOS |2 CL-VaPUC |9 396008 | |
| 650 | 0 | |a Tratados internacionales |9 256056 | |
| 650 | 7 | |a PROTOCOLOS |2 CL-VaPUC |9 386841 | |
| 650 | 0 | |a Acuerdos internacionales |9 337381 | |
| 583 | |a last modification |c 20140410 09:49:48 |k Rodrigo Vera | ||
| 999 | |c 264167 |d 264165 | ||
| 952 | |0 0 |1 0 |4 0 |6 348_022000000000000_CON_1970 |7 0 |8 F |9 294040 |a BIBDER |b BIBDER |d 2019-11-19 |h t.55 |i 1910248 |o 348.022 CON 1970 |p 1910248 |r 2023-01-25 |w 2019-11-19 |y BK_F |k DER | ||
| 952 | |0 0 |1 0 |4 0 |6 348_022000000000000_CON_1970 |7 0 |8 X |9 294043 |a BIBHIS |b BIBHIS |d 2019-11-19 |h t.55 |i 2128640 |o 348.022 CON 1970 |p 2128640 |r 2024-01-30 |w 2019-11-19 |y BK_X |k HIS | ||